|
|
|
|
| LEADER |
01023nam a2200253 a 4500 |
| 001 |
28764 |
| 003 |
BD-DhAAL |
| 005 |
20211207114410.0 |
| 008 |
150114s2012 bg ar f0 a0eng d |
| 999 |
|
|
|c 38181
|d 38181
|
| 040 |
|
|
|a BD-DhAAL
|c BD-DhAAL
|
| 082 |
0 |
0 |
|a 354.549200722
|2 22
|
| 245 |
0 |
0 |
|a Annual Budget 2016-2017 :
|b budget in brief
|
| 260 |
|
|
|a Dhaka :
|b Ministry of Finance, Finance Division, Government of the People's Republic of Bangladesh.
|c 2016
|
| 300 |
|
|
|a 53 pages :
|b illustrations ;
|c 28 cm.
|
| 515 |
|
|
|a Report based on fiscal year.
|
| 526 |
|
|
|a ESS
|
| 541 |
|
|
|a 31874
|
| 650 |
|
0 |
|a Budget
|z Bangladesh.
|9 3808
|
| 650 |
|
0 |
|a Economics.
|9 43487
|
| 710 |
2 |
|
|a Government of the People's Republic of Bangladesh.
|9 3505
|b Ministry of Finance, Finance Division
|
| 852 |
1 |
|
|a Ayesha Abed Library
|c General Stacks
|
| 942 |
|
|
|2 ddc
|c BK
|
| 952 |
|
|
|0 0
|1 0
|2 ddc
|4 0
|6 354_549200722000000_ANN
|7 0
|9 60866
|a BRACUL
|b BRACUL
|c GEN
|d 2017-07-04
|e Lucky Book Seller
|g 80.00
|l 0
|o 354.549200722 ANN
|p 3010031874
|r 2017-07-04
|t 1
|v 80.00
|w 2017-07-04
|y BK
|